000 00328 a2200157 4500
001 44884
020 _a
040 _cAnchieta - Aquarius
100 _aBrasileiro, Jonar
240 1 0 _aPoesia da paz
_lpor
245 1 0 _aPoesia da paz
300 _a24
362 0 _a2007
650 4 _aLiteratura infanto-juvenil
942 _cBK
999 _c44884
_d44884